Loading...
| Science - Chemistry | 0 | 5 | 0 | 1 | 50 | 114 | 120.00 | 0 | 2 | 0.28 | 13.64 |
| Fine Arts - Classical Music | 0 | 3 | 0 | 1 | 30 | 123 | 131.33 | 1 | 2 | 0.92 | 18.18 |
| Philosophy | 0 | 3 | 1 | 0 | 25 | 88 | 121.00 | 0 | 0 | 2.48 | 7.58 |
| Literature - European | 0 | 2 | 0 | 0 | 20 | 75 | 100.00 | 1 | 1 | 4.48 | 12.12 |
| Literature - American | 0 | 2 | 0 | 0 | 20 | 71 | 92.00 | 0 | 2 | 5.70 | 12.12 |
| History - American | 0 | 1 | 0 | 0 | 10 | 126 | 126.00 | 0 | 0 | 0.00 | 1.52 |
| Pop Culture | 0 | 1 | 0 | 0 | 10 | 47 | 47.00 | 0 | 1 | 21.98 | 22.22 |
| Religion | 0 | 1 | 0 | 1 | 10 | 143 | 143.00 | 0 | 1 | -0.06 | 1.52 |
| Science - Biology | 0 | 1 | 0 | 0 | 10 | 96 | 96.00 | 0 | 1 | 2.63 | 6.06 |
| Social Science | 0 | 1 | 0 | 0 | 10 | 113 | 113.00 | 0 | 0 | 0.00 | 1.52 |
| Mythology | 0 | 1 | 0 | 0 | 10 | 114 | 114.00 | 0 | 1 | 0.87 | 6.06 |
| Science - Other | 0 | 1 | 0 | 0 | 10 | 121 | 121.00 | 0 | 0 | 0.00 | 1.52 |
| History - Other | 0 | 1 | 0 | 0 | 10 | 111 | 111.00 | 0 | 1 | 1.93 | 4.55 |
| Fine Arts - Painting and Sculpture | 0 | 0 | 0 | 0 | 0 | 0.00 | 0 | 0 | 0.00 | 0.00 | |
| Science - Physics | 0 | 1 | 2 | 1 | 0 | 115 | 115.00 | 0 | 1 | -0.08 | 3.03 |